MDQL
is popping MORE tags! Check the
thread
!
Quizzes
Events
Quiz Creation
Community
Videos
Private Events
Remove Ads
Sign In
Join for FREE
Feedback
Dark Mode
Quiz Categories
Sports
Geography
Music
Movies
Television
Just For Fun
Miscellaneous
History
Literature
Language
Science
Gaming
Entertainment
Religion
Holiday
For Kids
Quiz Lab
Recent
Popular Today
Quiz Kudos Today
Editor Picks
Curator Picks
Quizzes by...
Day
Popularity
Type
Ratings
Length
Year
Community
Subscriptions
Recent Discussions
Orange Saloon
Badges
Playlists
Quests
Create
Leaderboards
Showdown
Live 5
Trivia Bingo
Activity
Puzzle Library
Sporcle Events
Private Events
Virtual Trivia
Globe League
Become a Host
Pub Owners
SporcleCon
Opinionation
Our Games
Videos
Blog
Mobile Apps
Partnerships
Remove Ads and Go Orange
Feedback
Sports
Athletes
MLB
NBA
NHL
NFL
Soccer
Sports Teams
WWE
NCAA
Football
Premier League
Basketball
Baseball
Hockey
Golf
Tennis
Cricket
Rugby
Auto Racing
Olympics
World Cup
Sports
Athletes
MLB
NBA
NHL
NFL
Soccer
Sports Teams
WWE
NCAA
Football
Premier League
Basketball
Baseball
Hockey
Golf
Tennis
Cricket
Rugby
Auto Racing
Olympics
World Cup
Random Quiz
Search Sporcle
×
Quiz Lab
Quiz Lab
Sports
Clickable
Select answers by clicking on text or image buttons
Select answers by clicking on text or image buttons
Clickable
Best Score? Go Orange.
WCW & WWE The Great American Bash Main Events Stats
Can You Name The Superstars That Is Main Event The Great American Bash Pay Per View?
By
terrellirby36
11m
17 Questions
137 Plays
137 Plays
137 Plays
Comments
Comments
Give Quiz Kudos
Give Quiz Kudos
-
- Ratings
hide this ad
More Info
Replay
Link that replays current quiz
Next Quiz
Link to next quiz in quiz playlist
You Got
0%
They Got
Avg Score
98%
Avg Friend Score
Upgrade to see
Score Distribution
Jump to the score distribution portion of the page
Score
0/17
Timer
11:00
0
Plays Today
% Correct
Ric Flair (C) vs. Lex Luger
99.3%
Ric Flair (C) vs. Terry Funk
99.3%
Ric Flair (C) vs. Sting
99.3%
Diamond Dallas Page vs. Randy Savage
99.3%
Sting vs. The Giant
99.3%
Rey Mysterio (C) vs. King Booker
99.3%
John Cena (C) vs. Bobby Lashley
99.3%
Rick Steiner vs. Paul E. Dangerously And Arn Anderson
98.5%
Dustin Rhodes And Barry Windham vs. Terry Gordy And ''Dr. Death'' Steve Williams
98.5%
% Correct
Randy Savage vs. Ric Flair
98.5%
The Giant (C) vs. Lex Luger
98.5%
Kevin Nash (C) vs. Randy Savage
98.5%
Jeff Jarrett (C) vs. Kevin Nash
98.5%
The Undertaker vs. The Dudleyz (Bubba Ray & D-Von Dudley)
98.5%
Batista (C) vs. John Bradshaw Layfield
98.5%
Triple H (C) vs. Edge
98.5%
Randy Orton (C) vs. Triple H
98.5%
Quiz Playlist
Details
Report
Send in Message
Add To Playlist
More Info:
And Remember As Always To Leave The Comments Below (No Rude Comments)
Clickable:
Select answers by clicking on text or image buttons
Last Updated: Mar 14, 2017
Quiz Scoreboard
CHALLENGE
Sign Up to Join the Scoreboard
Show All
Scores
Hide
Comments
May contain spoilers
Recently Published
Image Sorting: Flags VI
by Barbecue
Geography
2m
Find the 'City' Movie
by crazypaving
Movies
60s
Colored Red Africa Blitz
by spor1
Geography
45s
More to Explore
Quiz From the Vault
Featured Blog Post
14 Easter Pick-up Lines to Find Eggs With
hide this ad
You Might Also Like...
Tags
Clickable Quiz
WWE Quiz
America
Event
Pay
Pay-per-view
View
WCW
Today's Top Quizzes in Sports
Browse Sports
hide this ad
Today's Top Quizzes in Clickable
Browse Clickable
Top Contributed Quizzes in Sports
1
Les meilleurs buteurs des matchs entre le PSG et l’OM
2
Les entraîneurs de l'OM et du PSG au 21e siècle
3
Les joueurs passés par le PSG et l'OM
4
2022 World Cup Stars
5
Players with Multiple 50 Home Run Seasons
6
Criteria MLB: Left Handed Sluggers
7
Les joueurs passés par le LOSC et le RC Lens
8
NBA Logic Puzzle 2.0
9
MLB Players with Two .350 Batting Average Seasons
10
FIFA Club World Cup Champions
Explore More
Trending Topics
Disney
Marvel
NBA
Harry Potter
Kpop
Crossword
Anime
Country
Pokémon
Puzzle
WWE
Song
Soccer
The Office
NFL
hide this ad
More By:
terrellirby36
Quiz
Plays
Rating
Category
Featured
Created
NBA Champions (1950-2015)
5,341
3.00
Sports
Feb 18, 2016
WWE Slammy Awards; Superstar Of The Year Winners
472
4.00
Sports
Jan 27, 2016
WCW Bash At The Beach 1996; Complete The Card
399
2.00
Sports
Dec 16, 2015
MLB World Series Winners (1903-2015)
384
2.25
Sports
Apr 22, 2016
Stone Cold Steve Austin's Wrestlemania Opponents
333
Sports
Mar 4, 2016
Go to Creator's Profile
Score Distribution
Quiz Creator Spotlight
terrellirby36
Follow
Send a Message
Quizzes Created
-
Created Quiz Play Count
-
More By This Creator
Popular Quizzes Today
1
Colored Red Africa Blitz
2
Find the US States - No Outlines Minefield
3
Find the 'City' Movie
4
5x2 Blitz: Bands
5
The Countries of the World
6
Find the US States
7
Find the Countries of Europe - No Outlines Minefield
8
US States
More Sports Quizzes
High Fiving Athletes
Quiz Lab
Trending Quizzes
Colored Red Europe Blitz I
Colored Red Europe Blitz II
Colored Red Africa Blitz II
Colored Red Europe Blitz III
Colored Red Africa Blitz III
Recently Updated
How Do You Spell That?
pecheneg
Godzilla Movies
pecheneg
Grab Bag: 4-10 Letters
pecheneg
2024 March Madness Bracket
pecheneg
Famous TV Couples
Peacemaker
Champions League XIs: Real Madrid
pecheneg
Largest US Cities 1790-2010
pecheneg
Rides in Walt Disney World
pecheneg
Most Oscar Losses (Acting)
pecheneg
Beyoncé Albums
pecheneg
Trending Topics
Disney
Kpop
NBA
Marvel
Harry Potter
Anime
Crossword
Soccer
Puzzle
The Office
Country
Song
WWE
NFL
Pokémon
Your Account Isn't Verified!
In order to create a playlist on Sporcle, you need to verify the email address you used during registration. Go to your
Sporcle Settings
to finish the process.
Report this User
Report this user for behavior that violates our
Community Guidelines
.
Details:
Send Report
Go to the Sporcle.com Mobile Site →
Comments